[Event "Copa Latina 2015"]
[Site "Vicente Lopez ARG"]
[Date "2015.03.20"]
[Round "2.17"]
[White "Quirhuayo, Gonzalo"]
[Black "Dos Santos, Ramiro"]
[Result "0-1"]
[WhiteElo "2140"]
[BlackElo "2431"]
[PlyCount "50"]
[EventDate "2015.03.19"]
[EventType "swiss"]
[EventRounds "9"]
[EventCountry "ARG"]
[Source "lmi"]
[SourceDate "2015.03.19"]

1. e4 e5 2. Nf3 Nc6 3. d4 exd4 4. Nxd4 Qf6 5. Nb3 Qg6 6. Qe2 Nf6 7. f3 a5 8. a4
Bb4+ 9. c3 Be7 10. Nd4 O-O 11. g3 Re8 12. Be3 d5 13. Nxc6 bxc6 14. e5 Nd7 15.
f4 f6 16. Bh3 fxe5 17. f5 Qf7 18. Qg2 Ba6 19. Nd2 d4 20. Bg1 Nc5 21. cxd4 exd4
22. Kd1 Bg5 23. Qxc6 Bxd2 24. Qxc5 Qb3+ 25. Kxd2 Qd3+ 0-1

[Event "Copa Latina 2015"]
[Site "Vicente Lopez ARG"]
[Date "2015.03.20"]
[Round "2.19"]
[White "Molina, Pablo Sebastian"]
[Black "Villanueva, Mario"]
[Result "1/2-1/2"]
[WhiteElo "2115"]
[BlackElo "2430"]
[PlyCount "68"]
[EventDate "2015.03.19"]
[EventType "swiss"]
[EventRounds "9"]
[EventCountry "ARG"]
[Source "lmi"]
[SourceDate "2015.03.19"]

1. e4 e5 2. f4 d5 3. Nf3 exf4 4. exd5 Nf6 5. c4 c6 6. d4 Bb4+ 7. Nc3 cxd5 8.
Bxf4 O-O 9. Be2 dxc4 10. O-O Be6 11. Ng5 Nc6 12. Nxe6 fxe6 13. Bxc4 Qxd4+ 14.
Qxd4 Nxd4 15. Rad1 Rad8 16. Be5 Bc5 17. Kh1 a6 18. Rf4 Nc6 19. Bxe6+ Kh8 20.
Rxd8 Nxd8 21. Bd5 Re8 22. Rxf6 Rxe5 23. Rf1 g6 24. Rd1 Kg7 25. g3 b5 26. Ba8
Nf7 27. Rd7 Re1+ 28. Kg2 Kf8 29. h4 h5 30. Rd1 Re3 31. Rf1 Kg7 32. Rf3 Re8 33.
Ne4 Bd4 34. Rxf7+ Kxf7 1/2-1/2

[Event "Copa Latina 2015"]
[Site "Vicente Lopez ARG"]
[Date "2015.03.20"]
[Round "2.20"]
[White "Rios, Cristhian Camilo"]
[Black "Fiori, Hector"]
[Result "1-0"]
[WhiteElo "2415"]
[BlackElo "2136"]
[PlyCount "75"]
[EventDate "2015.03.19"]
[EventType "swiss"]
[EventRounds "9"]
[EventCountry "ARG"]
[Source "lmi"]
[SourceDate "2015.03.19"]

1. d4 Nf6 2. c4 e6 3. Nc3 c5 4. d5 exd5 5. cxd5 d6 6. e4 g6 7. Nf3 Bg7 8. h3
O-O 9. Bd3 Re8 10. O-O a6 11. a4 c4 12. Bxc4 Nxe4 13. Nxe4 Rxe4 14. Bg5 Bf6 15.
Qc2 Re8 16. Bxf6 Qxf6 17. Rfe1 Rxe1+ 18. Rxe1 Bf5 19. Bd3 Nd7 20. Bxf5 gxf5 21.
Qc7 Nc5 22. b4 Nd3 23. Qxb7 Rf8 24. Rd1 Nf4 25. Qxa6 Qg6 26. g3 Nxh3+ 27. Kf1
f4 28. Qd3 fxg3 29. Nh4 Qxd3+ 30. Rxd3 Nf4 31. Rd4 g2+ 32. Nxg2 Ng6 33. b5 Rb8
34. Rb4 Ne7 35. Ne3 Nc8 36. a5 Na7 37. b6 Nc8 38. Nc4 1-0

[Event "Copa Latina 2015"]
[Site "Vicente Lopez ARG"]
[Date "2015.03.20"]
[Round "2.21"]
[White "Palmero, Pablo"]
[Black "Gemy, Jose Daniel"]
[Result "0-1"]
[WhiteElo "2104"]
[BlackElo "2406"]
[PlyCount "56"]
[EventDate "2015.03.19"]
[EventType "swiss"]
[EventRounds "9"]
[EventCountry "ARG"]
[Source "lmi"]
[SourceDate "2015.03.19"]

1. d4 d5 2. c4 c6 3. Nf3 Nf6 4. Nc3 a6 5. Ne5 e6 6. Bf4 g6 7. h3 Bg7 8. e3 O-O
9. Bd3 Nbd7 10. O-O Qe7 11. Rb1 Nxe5 12. Bxe5 Nd7 13. Bxg7 Kxg7 14. b4 dxc4 15.
Bxc4 e5 16. d5 Nb6 17. Qe2 Nxc4 18. Qxc4 cxd5 19. Nxd5 Be6 20. Rfd1 Rfd8 21.
Qc7 Qg5 22. f4 exf4 23. Nxf4 Bxa2 24. Rxd8 Qxd8 25. Qxb7 Rb8 26. Qa7 Ra8 27.
Qb7 Qd2 28. Ne6+ Bxe6 0-1

[Event "Copa Latina 2015"]
[Site "Vicente Lopez ARG"]
[Date "2015.03.20"]
[Round "2.22"]
[White "Quintiliano Pinto, Renato R"]
[Black "Bernal, Gustavo"]
[Result "1-0"]
[WhiteElo "2403"]
[BlackElo "2132"]
[PlyCount "63"]
[EventDate "2015.03.19"]
[EventType "swiss"]
[EventRounds "9"]
[EventCountry "ARG"]
[Source "lmi"]
[SourceDate "2015.03.19"]

1. d4 d5 2. c4 c6 3. Nc3 Nf6 4. e3 Bf5 5. cxd5 cxd5 6. Qb3 Bc8 7. Nf3 Nc6 8.
Bd3 e6 9. O-O Be7 10. Bd2 O-O 11. Rac1 Bd7 12. Qd1 Bd6 13. e4 dxe4 14. Nxe4
Nxe4 15. Bxe4 f5 16. Bc2 Qf6 17. Bb3 Kh8 18. Bc3 Qh6 19. Re1 Ne7 20. Bd2 f4 21.
Ne5 Bxe5 22. Rxe5 Rac8 23. Rxc8 Rxc8 24. h3 Qf6 25. Re4 Ng6 26. Qg4 Rf8 27.
Bxe6 Bc6 28. d5 Qxb2 29. Qd1 Be8 30. Rb4 Qxa2 31. Rxb7 Qc4 32. Qa1 1-0

[Event "Copa Latina 2015"]
[Site "Vicente Lopez ARG"]
[Date "2015.03.20"]
[Round "2.23"]
[White "Lopez, Diego"]
[Black "Della Morte, German"]
[Result "0-1"]
[WhiteElo "2102"]
[BlackElo "2401"]
[PlyCount "84"]
[EventDate "2015.03.19"]
[EventType "swiss"]
[EventRounds "9"]
[EventCountry "ARG"]
[Source "lmi"]
[SourceDate "2015.03.19"]

1. d4 d6 2. Nf3 Bg4 3. c4 Nd7 4. Nc3 c6 5. g3 Bxf3 6. exf3 g6 7. Bg2 Bg7 8. O-O
Ngf6 9. f4 O-O 10. Re1 Re8 11. Rb1 e6 12. b4 d5 13. b5 dxc4 14. bxc6 bxc6 15.
Bxc6 Rc8 16. Bb7 Rb8 17. Ba3 Qc7 18. Bf3 Qa5 19. Rxb8 Rxb8 20. Qc1 Nd5 21. Nxd5
exd5 22. Bd6 Rd8 23. Be5 Bxe5 24. dxe5 Nc5 25. Rd1 Nd3 26. Qe3 Qb6 27. Rxd3 d4
28. Qe4 cxd3 29. Qxd3 Qc5 30. Kg2 Qc3 31. Be4 Qxd3 32. Bxd3 Rb8 33. Kf3 Rb2 34.
Bc4 d3 35. h3 d2 36. Ke2 d1=Q+ 37. Kxd1 Rxf2 38. e6 fxe6 39. Bxe6+ Kg7 40. Bd5
Rh2 41. h4 Rh3 42. Ke2 Rxg3 0-1

[Event "Copa Latina 2015"]
[Site "Vicente Lopez ARG"]
[Date "2015.03.20"]
[Round "2.24"]
[White "Paveto, Kevin"]
[Black "Wainer, Daniel"]
[Result "1-0"]
[WhiteElo "2397"]
[BlackElo "2117"]
[PlyCount "77"]
[EventDate "2015.03.19"]
[EventType "swiss"]
[EventRounds "9"]
[EventCountry "ARG"]
[Source "lmi"]
[SourceDate "2015.03.19"]

1. e4 Nf6 2. e5 Nd5 3. d4 d6 4. c4 Nb6 5. f4 dxe5 6. fxe5 c5 7. d5 e6 8. Nc3
exd5 9. cxd5 c4 10. d6 Nc6 11. Nf3 Bg4 12. Bf4 g5 13. Ne4 gxf4 14. Nf6+ Qxf6
15. exf6 O-O-O 16. Qd2 Bxd6 17. O-O-O Be5 18. Qe1 Rxd1+ 19. Qxd1 Bd4 20. Qc2
Nb4 21. Qe4 Be3+ 22. Kb1 Be6 23. a3 Bd5 24. Qf5+ Be6 25. Qb5 Nc6 26. Qh5 Rd8
27. Be2 Rd5 28. Qh6 Rb5 29. Rd1 Na4 30. Ng5 Rxb2+ 31. Ka1 Rxe2 32. Nxe6 b6 33.
Qf8+ Kb7 34. Qxf7+ Ka6 35. Nc7+ Kb7 36. Na6+ Kxa6 37. Qxc4+ Kb7 38. Rd7+ Kb8
39. Qg8+ 1-0

[Event "Copa Latina 2015"]
[Site "Vicente Lopez ARG"]
[Date "2015.03.20"]
[Round "2.25"]
[White "Cori Quispe, Kevin"]
[Black "Ferrara, Alexis"]
[Result "1-0"]
[WhiteElo "2382"]
[BlackElo "2113"]
[PlyCount "79"]
[EventDate "2015.03.19"]
[EventType "swiss"]
[EventRounds "9"]
[EventCountry "ARG"]
[Source "lmi"]
[SourceDate "2015.03.19"]

1. e4 e5 2. Nf3 Nc6 3. Bc4 Be7 4. O-O Nf6 5. d3 O-O 6. c3 d6 7. Bb3 a5 8. Re1
Be6 9. Bc2 Bg4 10. h3 Bh5 11. Nbd2 Qd7 12. Nf1 Rfe8 13. Ng3 Bg6 14. Nh4 d5 15.
Qf3 a4 16. Nhf5 Bf8 17. Bg5 Bxf5 18. Nxf5 dxe4 19. dxe4 Re6 20. Red1 Qe8 21.
Rd2 Nd7 22. Rad1 Nc5 23. b4 axb3 24. axb3 h6 25. Be3 Rd8 26. b4 Rxd2 27. Rxd2
Nd7 28. Bb3 Rg6 29. Qd1 Ncb8 30. Ba4 c6 31. Ba7 Qc8 32. Bxb8 Nxb8 33. Rd8 Qc7
34. Bb3 Rf6 35. h4 g6 36. Nxh6+ Kg7 37. Ng4 Rd6 38. Rxd6 Qxd6 39. Qf3 Qe7 40.
Nxe5 1-0

[Event "Copa Latina 2015"]
[Site "Vicente Lopez ARG"]
[Date "2015.03.20"]
[Round "2.26"]
[White "Ueti, Silvio Shigueo"]
[Black "Sosa, Tomas"]
[Result "1/2-1/2"]
[WhiteElo "2087"]
[BlackElo "2368"]
[PlyCount "104"]
[EventDate "2015.03.19"]
[EventType "swiss"]
[EventRounds "9"]
[EventCountry "ARG"]
[Source "lmi"]
[SourceDate "2015.03.19"]

1. c4 e5 2. g3 d6 3. Nc3 c6 4. d4 Be7 5. Bg2 Nf6 6. e4 O-O 7. Nge2 a5 8. O-O
Qc7 9. h3 Re8 10. Be3 Bf8 11. Qd2 Nbd7 12. f4 exd4 13. Bxd4 h5 14. b3 a4 15.
Rab1 axb3 16. axb3 Qa5 17. Kh2 Qd8 18. f5 Ra6 19. Nf4 b5 20. cxb5 cxb5 21. Nxb5
Nxe4 22. Bxe4 Rxe4 23. Nxh5 Bb7 24. Nc3 Rxd4 25. Qxd4 Qg5 26. Nf4 Ne5 27. Nfd5
Qh5 28. Kg2 Rc6 29. g4 Qh4 30. Kh2 Rc5 31. Rbd1 Bxd5 32. Nxd5 Rc2+ 33. Rd2
Nxg4+ 34. Kg2 Rxd2+ 35. Qxd2 Ne5 36. Rf4 Qg5+ 37. Kf2 Qh5 38. h4 f6 39. Qe2 Qf7
40. Rd4 Qa7 41. Qe3 Qa2+ 42. Kg3 Qb1 43. Rf4 Qd1 44. Rd4 Qb1 45. Rf4 Qh1 46.
Re4 Qd1 47. Rd4 Qb1 48. Rf4 Qh1 49. Re4 Qf1 50. Rf4 Qh1 51. Re4 Qf1 52. Rf4 Qh1
1/2-1/2

[Event "Copa Latina 2015"]
[Site "Vicente Lopez ARG"]
[Date "2015.03.20"]
[Round "2.28"]
[White "Di Giannantonio, Nino"]
[Black "Hernandez Amura, Gilberto"]
[Result "1-0"]
[WhiteElo "2358"]
[BlackElo "2102"]
[PlyCount "55"]
[EventDate "2015.03.19"]
[EventType "swiss"]
[EventRounds "9"]
[EventCountry "ARG"]
[Source "lmi"]
[SourceDate "2015.03.19"]

1. e4 c5 2. Nf3 e6 3. c3 Nf6 4. e5 Nd5 5. d4 cxd4 6. cxd4 d6 7. a3 Bd7 8. Bd3
Bc6 9. O-O Nd7 10. b4 a6 11. Re1 Rc8 12. Qb3 Be7 13. Nbd2 Nf4 14. Bf1 dxe5 15.
dxe5 Ng6 16. Bb2 O-O 17. Rac1 Bg5 18. Nxg5 Qxg5 19. Ne4 Qh4 20. Nd6 Rcd8 21.
Qe3 Qf4 22. Qxf4 Nxf4 23. g3 Nd5 24. Bxa6 bxa6 25. Rxc6 Nb8 26. Rc2 Rd7 27.
Rec1 Rdd8 28. Bd4 1-0

[Event "Copa Latina 2015"]
[Site "Vicente Lopez ARG"]
[Date "2015.03.20"]
[Round "2.30"]
[White "Moreno, Carlos"]
[Black "Moreda, Lucas"]
[Result "0-1"]
[WhiteElo "1879"]
[BlackElo "2333"]
[PlyCount "70"]
[EventDate "2015.03.19"]
[EventType "swiss"]
[EventRounds "9"]
[EventCountry "ARG"]
[Source "lmi"]
[SourceDate "2015.03.19"]

1. d4 d5 2. Nf3 Nf6 3. e3 g6 4. Bd3 Bg7 5. O-O Nbd7 6. b3 O-O 7. Bb2 Ne4 8. c4
c6 9. Nc3 Nxc3 10. Bxc3 Nc5 11. Bc2 Ne4 12. Bxe4 dxe4 13. Nd2 f5 14. Qc2 c5 15.
dxc5 e5 16. f3 exf3 17. Nxf3 Qc7 18. b4 b6 19. cxb6 axb6 20. Bb2 Bb7 21. Rfd1
Rfc8 22. c5 Bxf3 23. Qc4+ Kh8 24. gxf3 bxc5 25. b5 Rd8 26. Rac1 Qb7 27. e4 Qe7
28. Rd5 fxe4 29. fxe4 Qg5+ 30. Kh1 Qe3 31. Bxe5 Qf3+ 32. Kg1 Bxe5 33. Rxe5 Rd2
34. Qf1 Qg4+ 35. Kh1 Rxh2+ 0-1

[Event "Copa Latina 2015"]
[Site "Vicente Lopez ARG"]
[Date "2015.03.20"]
[Round "2.31"]
[White "Blit, Jacques"]
[Black "Restuccia, Francisco"]
[Result "1-0"]
[WhiteElo "2325"]
[BlackElo "2079"]
[PlyCount "47"]
[EventDate "2015.03.19"]
[EventType "swiss"]
[EventRounds "9"]
[EventCountry "ARG"]
[Source "lmi"]
[SourceDate "2015.03.19"]

1. e4 c5 2. Nf3 d6 3. d4 cxd4 4. Nxd4 Nf6 5. Nc3 a6 6. Be2 e5 7. Nb3 Be7 8. O-O
O-O 9. a4 Be6 10. f4 exf4 11. Nd4 Nc6 12. Nxe6 fxe6 13. Bc4 Kh8 14. Bxe6 Ne5
15. Rxf4 Qb6+ 16. Kh1 g5 17. Rxf6 Bxf6 18. Nd5 Qd8 19. Bf5 Rg8 20. Qh5 Rg7 21.
Qh6 Ng6 22. c3 Kg8 23. Be3 Be5 24. Bxg5 1-0

[Event "Copa Latina 2015"]
[Site "Vicente Lopez ARG"]
[Date "2015.03.20"]
[Round "2.33"]
[White "Laurnagaray, Santiago"]
[Black "Tokman, Ariel"]
[Result "0-1"]
[WhiteElo "1535"]
[BlackElo "2320"]
[PlyCount "98"]
[EventDate "2015.03.19"]
[EventType "swiss"]
[EventRounds "9"]
[EventCountry "ARG"]
[Source "lmi"]
[SourceDate "2015.03.19"]

1. e4 c5 2. Nf3 e6 3. d4 cxd4 4. Nxd4 a6 5. Bd3 g6 6. O-O Bg7 7. Nb3 Nc6 8. Qe2
Nge7 9. Kh1 O-O 10. f4 d5 11. c3 dxe4 12. Bxe4 Qc7 13. N1d2 a5 14. Nf3 b6 15.
Qf2 a4 16. Nbd4 Ba6 17. Rd1 Rab8 18. a3 Nxd4 19. Nxd4 Rfd8 20. Be3 Nd5 21. Bxd5
Rxd5 22. Nf3 Bc4 23. Nd2 b5 24. Nxc4 Qxc4 25. Rd2 Rbd8 26. Rad1 f5 27. Kg1 e5
28. fxe5 Bxe5 29. Rxd5 Rxd5 30. Rxd5 Qxd5 31. Qd2 Qxd2 32. Bxd2 Kf7 33. Kf2 Ke6
34. h3 Kd5 35. Ke2 Kc4 36. Bc1 Kb3 37. Kd3 h5 38. h4 Bf6 39. g3 Be5 40. Bf4
Bxf4 41. gxf4 Kxb2 42. c4 bxc4+ 43. Kxc4 Kxa3 44. Kc3 Ka2 45. Kd4 a3 46. Ke5
Kb3 47. Kf6 a2 48. Kxg6 a1=Q 49. Kxf5 Qg1 0-1

[Event "Copa Latina 2015"]
[Site "Vicente Lopez ARG"]
[Date "2015.03.20"]
[Round "2.34"]
[White "Acosta, Pablo Ismael"]
[Black "Echeguren, Martin"]
[Result "1-0"]
[WhiteElo "2304"]
[BlackElo "1737"]
[PlyCount "63"]
[EventDate "2015.03.19"]
[EventType "swiss"]
[EventRounds "9"]
[EventCountry "ARG"]
[Source "lmi"]
[SourceDate "2015.03.19"]

1. c4 e5 2. g3 Nf6 3. Bg2 c6 4. d4 exd4 5. Qxd4 d5 6. cxd5 cxd5 7. Nf3 Nc6 8.
Qd1 Bb4+ 9. Bd2 Bxd2+ 10. Nbxd2 O-O 11. O-O Bf5 12. Nb3 Qe7 13. Rc1 Rac8 14.
Nfd4 Be6 15. Nxc6 Rxc6 16. Rxc6 bxc6 17. Qd4 Qc7 18. Rc1 Rc8 19. Nc5 Qb6 20. b4
Bf5 21. Qf4 Bg4 22. Qd2 Re8 23. e3 Bf5 24. Nb3 h6 25. Qd4 Rc8 26. Rc5 Nd7 27.
Ra5 Rc7 28. Qf4 Be6 29. Bf1 c5 30. bxc5 Nxc5 31. Rb5 g5 32. Qb4 1-0

[Event "Copa Latina 2015"]
[Site "Vicente Lopez ARG"]
[Date "2015.03.20"]
[Round "2.36"]
[White "Muniz, Rafael"]
[Black "Saracho, Franco"]
[Result "1-0"]
[WhiteElo "2268"]
[BlackElo "1581"]
[PlyCount "51"]
[EventDate "2015.03.19"]
[EventType "swiss"]
[EventRounds "9"]
[EventCountry "ARG"]
[Source "lmi"]
[SourceDate "2015.03.19"]

1. e4 e5 2. Nf3 Nc6 3. Nc3 Nf6 4. d4 d6 5. Bb5 Bd7 6. O-O Qe7 7. Bg5 h6 8. Nd5
Qd8 9. Bh4 g5 10. dxe5 Nxe5 11. Bxd7+ Nexd7 12. Bg3 Nh5 13. Nd4 Nxg3 14. fxg3
c6 15. Ne6 Qc8 16. Qh5 Ne5 17. Nf6+ Ke7 18. Nxg5 Bg7 19. Nd5+ cxd5 20. Rxf7+
Kd8 21. Rxg7 Rf8 22. Qxh6 Qc5+ 23. Kh1 Ng4 24. Ne6+ Kc8 25. Rc7+ Qxc7 26. Qxf8+
1-0

[Event "Copa Latina 2015"]
[Site "Vicente Lopez ARG"]
[Date "2015.03.20"]
[Round "2.37"]
[White "Mekhitarian, Krikor Sevag"]
[Black "Lo Presti, Roberto"]
[Result "1-0"]
[WhiteElo "2556"]
[BlackElo "1950"]
[PlyCount "63"]
[EventDate "2015.03.19"]
[EventType "swiss"]
[EventRounds "9"]
[EventCountry "ARG"]
[Source "lmi"]
[SourceDate "2015.03.19"]

1. e4 e6 2. d4 d5 3. Nc3 Bb4 4. e5 c5 5. a3 Bxc3+ 6. bxc3 Ne7 7. Qg4 cxd4 8.
Qxg7 Rg8 9. Qxh7 Qc7 10. Ne2 Nbc6 11. f4 dxc3 12. h4 Bd7 13. h5 O-O-O 14. Qd3
Nf5 15. h6 Rg6 16. h7 Rh8 17. Qxc3 Na5 18. Qxc7+ Kxc7 19. a4 Rg7 20. Kf2 Rhxh7
21. Rxh7 Rxh7 22. g4 Ng7 23. Nd4 Ne8 24. f5 exf5 25. Bf4 Kc8 26. gxf5 Nc6 27.
Nxc6 Bxc6 28. Bd3 Bd7 29. e6 Bc6 30. f6 Rh8 31. exf7 Nxf6 32. Bd6 1-0

[Event "Copa Latina 2015"]
[Site "Vicente Lopez ARG"]
[Date "2015.03.20"]
[Round "2.38"]
[White "Bernal, Lucas"]
[Black "Barbosa, Evandro Amorim"]
[Result "0-1"]
[WhiteElo "1933"]
[BlackElo "2439"]
[PlyCount "80"]
[EventDate "2015.03.19"]
[EventType "swiss"]
[EventRounds "9"]
[EventCountry "ARG"]
[Source "lmi"]
[SourceDate "2015.03.19"]

1. d4 Nf6 2. c4 g6 3. Nc3 d5 4. cxd5 Nxd5 5. e4 Nxc3 6. bxc3 Bg7 7. Be3 c5 8.
Qd2 Qa5 9. Nf3 O-O 10. Rc1 Nd7 11. Be2 e5 12. d5 b5 13. c4 b4 14. Qc2 Qc7 15.
O-O Qd6 16. Nd2 a5 17. f4 Bh6 18. g3 a4 19. Kh1 Qe7 20. Qd3 f5 21. Rce1 Bb7 22.
Bd1 b3 23. a3 Rae8 24. fxe5 Nxe5 25. Qc3 Bg7 26. Qa5 Nd3 27. Be2 Nxe1 28. Bxc5
Qd7 29. Bxf8 Bxf8 30. Rxe1 fxe4 31. Nb1 e3 32. Rd1 Bd6 33. Qb5 Qxb5 34. cxb5
Rf8 35. Nc3 Rf2 36. Bc4 Rc2 37. Ne4 Rxc4 38. Nxd6 e2 39. Re1 Bxd5+ 40. Kg1 Rc2
0-1

[Event "Copa Latina 2015"]
[Site "Vicente Lopez ARG"]
[Date "2015.03.20"]
[Round "2.39"]
[White "Pierrot, Facundo"]
[Black "Bourgeois, William"]
[Result "1-0"]
[WhiteElo "2380"]
[BlackElo "1879"]
[PlyCount "75"]
[EventDate "2015.03.19"]
[EventType "swiss"]
[EventRounds "9"]
[EventCountry "ARG"]
[Source "lmi"]
[SourceDate "2015.03.19"]

1. d4 Nf6 2. c4 g6 3. Nf3 Bg7 4. g3 O-O 5. Bg2 c5 6. O-O cxd4 7. Nxd4 Nc6 8.
Nc3 a6 9. c5 Qc7 10. Nb3 e6 11. Bf4 Qd8 12. Bd6 Re8 13. Na4 a5 14. e4 e5 15.
Re1 Bf8 16. Rc1 Bxd6 17. Qxd6 Re6 18. Qd2 Ne8 19. Qe3 d6 20. Nb6 Ra6 21. Nxc8
Qxc8 22. Bh3 f5 23. exf5 Rf6 24. cxd6 Nxd6 25. Nc5 Ra8 26. Qg5 Rxf5 27. Bxf5
Nxf5 28. Qg4 b6 29. Qc4+ Kh8 30. Nd7 Nfd4 31. Nxe5 Qh3 32. Qf1 Qxf1+ 33. Kxf1
Nxe5 34. Rxe5 Nf3 35. Re7 Nxh2+ 36. Kg2 Ng4 37. Rcc7 Nf6 38. Rf7 1-0

[Event "Copa Latina 2015"]
[Site "Vicente Lopez ARG"]
[Date "2015.03.20"]
[Round "2.43"]
[White "Lorenzi, Juan Carlos"]
[Black "Arias, Juan Carlos"]
[Result "0-1"]
[WhiteElo "1480"]
[BlackElo "2130"]
[PlyCount "110"]
[EventDate "2015.03.19"]
[EventType "swiss"]
[EventRounds "9"]
[EventCountry "ARG"]
[Source "lmi"]
[SourceDate "2015.03.19"]

1. e4 c5 2. c3 e6 3. Nf3 d5 4. exd5 exd5 5. d4 Nc6 6. dxc5 Bxc5 7. Be2 Nge7 8.
O-O O-O 9. Bg5 Qc7 10. Nbd2 Bd6 11. Nb3 Bg4 12. h3 Bd7 13. Nbd4 a6 14. Bd3 f6
15. Bd2 Ne5 16. Bc2 Rac8 17. Re1 Rfe8 18. Rc1 Rcd8 19. Bb1 g6 20. Qc2 b5 21. h4
Bg4 22. h5 Nxf3+ 23. gxf3 Bxh5 24. Ne6 Qd7 25. Qd3 Rc8 26. f4 Bg4 27. Nd4 Bc5
28. Re3 Nf5 29. Rxe8+ Rxe8 30. Nxf5 Bxf5 31. Qg3 Re2 32. Be3 Bxe3 33. fxe3 Rxb2
34. Bxf5 Qxf5 35. Rd1 Qc2 36. Qf3 Qe4 37. Qxe4 dxe4 38. Rd8+ Kf7 39. Rd7+ Ke6
40. Rxh7 Rxa2 41. Rc7 Kf5 42. Rc5+ Kg4 43. Rc6 Kg3 44. Kf1 Kf3 45. Ke1 Kxe3 46.
Kd1 f5 47. Rxg6 Kxf4 48. Rh6 e3 49. Ke1 Kf3 50. Rh3+ Ke4 51. Rh8 f4 52. Re8+
Kf3 53. Kd1 e2+ 54. Ke1 Ra1+ 55. Kd2 Rd1+ 0-1

[Event "Copa Latina 2015"]
[Site "Vicente Lopez ARG"]
[Date "2015.03.20"]
[Round "2.46"]
[White "Tierno De La Rosa, Juan"]
[Black "Dastugue, Raul"]
[Result "1-0"]
[WhiteElo "1897"]
[BlackElo "2054"]
[PlyCount "51"]
[EventDate "2015.03.19"]
[EventType "swiss"]
[EventRounds "9"]
[EventCountry "ARG"]
[Source "lmi"]
[SourceDate "2015.03.19"]

1. Nf3 d5 2. c4 c6 3. g3 Nf6 4. Bg2 g6 5. b3 Bg7 6. Bb2 O-O 7. O-O b6 8. d3 Bb7
9. Nbd2 Nbd7 10. Re1 Re8 11. e4 Nc5 12. Qc2 dxc4 13. d4 Nd3 14. Re2 Nxb2 15.
Qxb2 cxb3 16. Qxb3 Rf8 17. Rc1 Rc8 18. a4 Ba8 19. Bh3 Rb8 20. Ne5 Qxd4 21. Ndf3
Qd6 22. Nxf7 Rxf7 23. Be6 Bh6 24. Bxf7+ Kf8 25. Rd1 Qc7 26. Nd4 1-0

[Event "Copa Latina 2015"]
[Site "Vicente Lopez ARG"]
[Date "2015.03.20"]
[Round "2.50"]
[White "Da Silva, Joao Carlos Orguim"]
[Black "Munoz, Francisco Javier"]
[Result "0-1"]
[WhiteElo "1895"]
[BlackElo "2259"]
[PlyCount "70"]
[EventDate "2015.03.19"]
[EventType "swiss"]
[EventRounds "9"]
[EventCountry "ARG"]
[Source "lmi"]
[SourceDate "2015.03.19"]

1. Nf3 d5 2. c4 c6 3. b3 Nf6 4. Bb2 Bg4 5. e3 e6 6. Be2 Nbd7 7. d3 Bd6 8. Nbd2
O-O 9. Qc2 Re8 10. h3 Bh5 11. O-O Qe7 12. Rfe1 e5 13. Rad1 e4 14. dxe4 dxe4 15.
Nd4 Bg6 16. Nf1 Rad8 17. Rd2 Nc5 18. Red1 Nd3 19. Bc3 a6 20. Qb1 Nd7 21. Qa1
N7c5 22. Nc2 f6 23. Ne1 Nxe1 24. Rxe1 Nd3 25. Red1 b5 26. Qb1 bxc4 27. bxc4 Rb8
28. Qc2 Bb4 29. f3 Qc5 30. fxe4 Nf4 31. Bf3 Bxc3 32. Qxc3 Bxe4 33. Bxe4 Rxe4
34. Rd8+ Re8 35. R8d4 Ne2+ 0-1

[Event "Copa Latina 2015"]
[Site "Vicente Lopez ARG"]
[Date "2015.03.20"]
[Round "2.52"]
[White "Inchausti, Pablo Ezequiel"]
[Black "Lallana, Daniel"]
[Result "1-0"]
[WhiteElo "2136"]
[BlackElo "1901"]
[PlyCount "69"]
[EventDate "2015.03.19"]
[EventType "swiss"]
[EventRounds "9"]
[EventCountry "ARG"]
[Source "lmi"]
[SourceDate "2015.03.19"]

1. e4 e5 2. Nf3 Nc6 3. Bb5 Nf6 4. d3 Ne7 5. O-O Ng6 6. d4 c6 7. dxe5 Ng4 8. Ba4
Bc5 9. Nbd2 O-O 10. Bb3 a5 11. a3 b5 12. h3 N4xe5 13. Nxe5 Nxe5 14. Kh1 d6 15.
f4 Ng4 16. Qe1 a4 17. hxg4 axb3 18. Nxb3 Bb6 19. f5 Qd7 20. Bf4 Bb7 21. Rd1 d5
22. Qg3 f6 23. Rfe1 g5 24. Bd6 Rf7 25. e5 fxe5 26. Bxe5 c5 27. Qe3 h6 28. Nxc5
Qc6 29. b4 d4 30. Qf2 Bxc5 31. bxc5 Rxa3 32. Rxd4 Rd7 33. Bd6 Qa6 34. Kh2 Kf7
35. Qe2 1-0

[Event "Copa Latina 2015"]
[Site "Vicente Lopez ARG"]
[Date "2015.03.20"]
[Round "2.53"]
[White "Besso, Guadalupe"]
[Black "Lang, German"]
[Result "1-0"]
[WhiteElo "2065"]
[BlackElo "1887"]
[PlyCount "86"]
[EventDate "2015.03.19"]
[EventType "swiss"]
[EventRounds "9"]
[EventCountry "ARG"]
[Source "lmi"]
[SourceDate "2015.03.19"]

1. d4 f5 2. c4 Nf6 3. g3 g6 4. Bg2 Bg7 5. Nc3 c6 6. Nh3 d5 7. cxd5 cxd5 8. O-O
O-O 9. Nf4 e6 10. Bd2 Nc6 11. e3 Qb6 12. Na4 Qd8 13. Nc5 Re8 14. b4 a6 15. a4
b6 16. Ncd3 Ne4 17. Be1 Bd7 18. h4 Bh6 19. Qb3 Qf6 20. f3 Nd6 21. Bc3 Nc4 22.
Rae1 Bf8 23. Ne5 N6xe5 24. dxe5 Qf7 25. e4 a5 26. exd5 exd5 27. e6 Bxe6 28.
Rxe6 Rxe6 29. Nxd5 Rc8 30. f4 axb4 31. Bxb4 Bc5+ 32. Bxc5 Rxc5 33. Rd1 Re2 34.
Bf3 Nd2 35. Nf6+ Kg7 36. Qxf7+ Kxf7 37. Bxe2 Rc2 38. Nd5 Rb2 39. Ne3 Ne4 40.
Bc4+ Kf6 41. Rd7 g5 42. hxg5+ Kg6 43. Bf7+ Kg7 1-0

[Event "Copa Latina 2015"]
[Site "Vicente Lopez ARG"]
[Date "2015.03.20"]
[Round "2.54"]
[White "Rengifo Blancas, Renzo Jhonath"]
[Black "Amato, Leonel"]
[Result "0-1"]
[WhiteElo "1884"]
[BlackElo "2064"]
[PlyCount "80"]
[EventDate "2015.03.19"]
[EventType "swiss"]
[EventRounds "9"]
[EventCountry "ARG"]
[Source "lmi"]
[SourceDate "2015.03.19"]

1. e4 c5 2. c3 e6 3. d4 cxd4 4. cxd4 Nf6 5. e5 Nd5 6. Nf3 d6 7. Bc4 dxe5 8.
dxe5 Nb4 9. Qe2 Be7 10. O-O O-O 11. Nc3 a6 12. Rd1 Qc7 13. a3 b5 14. Bb3 N4c6
15. Bf4 Nd7 16. Rac1 Nc5 17. Bc2 f5 18. exf6 Qxf4 19. fxe7 Nxe7 20. b4 Nb7 21.
Bb3 Nd8 22. Ne4 Bb7 23. Neg5 Kh8 24. Qc2 Nf5 25. Rd4 Qb8 26. Rcd1 Bxf3 27. gxf3
Nf7 28. Nxf7+ Rxf7 29. Rd8+ Qxd8 30. Rxd8+ Rxd8 31. Bxe6 Nd4 32. Qa2 Nxf3+ 33.
Kg2 Rf6 34. Bd5 Ne1+ 35. Kf1 Nd3 36. f3 Re8 37. Bb7 Re1+ 38. Kg2 Rg6+ 39. Kh3
Nf4+ 40. Kh4 Reg1 0-1

[Event "Copa Latina 2015"]
[Site "Vicente Lopez ARG"]
[Date "2015.03.20"]
[Round "2.55"]
[White "Nejanky, Maisa"]
[Black "Albistur, Damian"]
[Result "1-0"]
[WhiteElo "2062"]
[BlackElo "1860"]
[PlyCount "67"]
[EventDate "2015.03.19"]
[EventType "swiss"]
[EventRounds "9"]
[EventCountry "ARG"]
[Source "lmi"]
[SourceDate "2015.03.19"]

1. e4 c5 2. Nf3 e6 3. Nc3 a6 4. d4 cxd4 5. Nxd4 Qc7 6. Bd3 Nc6 7. Be3 Nf6 8.
Nb3 Be7 9. f4 d6 10. Qf3 b5 11. g4 Bb7 12. g5 Nd7 13. Qh3 Nb4 14. Rg1 g6 15. a3
Nxd3+ 16. cxd3 O-O 17. Nd4 e5 18. Nde2 d5 19. exd5 b4 20. axb4 Bxb4 21. f5 gxf5
22. Qxf5 Bxd5 23. Kf2 Be6 24. Qf3 Nc5 25. Rad1 Rad8 26. Ne4 Rxd3 27. Nf6+ Kh8
28. Qh5 Bf5 29. Qh6 Rfd8 30. Rc1 Qd6 31. g6 Bxg6 32. Rxg6 Ne4+ 33. Kg2 Nxf6 34.
Qg7# 1-0